000 00658nam a2200217Ii 4500
003 JO-AjNU
008 230605s9999||||xx |||||||||||||| ||und||
017 _a2008/11/3957
040 _aJO-AjNU
_bara
_erda
_cJO-AjNU
041 _aara
050 1 4 _aQA 276 .S43 2008
100 3 _aشقبوعة، رانيا,
_eauthor
_929244
245 0 0 _aمبادئ في الاحصاء
250 _aط1
264 3 1 _aعمان:دار وائل ، 2008
300 _a200ص
_b يتضمن ملاحق : ص. : 201-208.
336 _atext
_btxt
_2rdacontent
337 _aunmediated
_bn
_2rdamedia
338 _avolume
_bnc
_2rdacarrier
650 4 _a الإحصاء 
_929245
999 _aA11444
_c15012
_d15012